| 000 | 01350pam a2200433 a 4500 | ||
|---|---|---|---|
| 003 | data | ||
| 005 | 20260322212035.0 | ||
| 008 | data | ||
| 010 | _a2012023698 | ||
| 020 |
_a1401231969 : _c{dollar}22.99 |
||
| 020 |
_a9781401231965 : _c{dollar}22.99 |
||
| 040 |
_aDLC _cDLC |
||
| 043 | _an-us--- | ||
| 050 | 0 | 0 |
_aPN6728.S9 _bS773 2012 |
| 082 | 0 | 0 |
_a741.5/973 _223 |
| 082 | 1 | 4 |
_a741.5 _5162 |
| 099 | _aSTRACJ | ||
| 100 | 1 |
_aStraczynski, J. Michael, _d1954- |
|
| 245 | 1 | 0 |
_aEarth one. _n[Volume two] / _cJ. Michael Straczynski ... [et al.]. |
| 246 | 3 | _aEarth 1. | |
| 246 | 1 | 4 |
_aSuperman. _pEarth one. _nVolume two. |
| 246 | 1 | 8 |
_aSuperman. _pEarth one. _n2. |
| 260 |
_aNew York : _bDC Comics, _cc2012. |
||
| 300 |
_a1 v. (unpaged) : _bchiefly ill. (some col.) ; _c27 cm. |
||
| 500 | _a"Superman created by Jerry Siegel and Joe Shuster." | ||
| 521 | 1 |
_aAdult. _bBrodart. |
|
| 521 | 2 |
_aAdult. _bBrodart. |
|
| 650 | 0 |
_aComic books, strips, etc. _zUnited States. |
|
| 650 | 0 |
_aGraphic novels _zUnited States. |
|
| 650 | 0 |
_aSuperman (Fictitious character) _vComic books, strips, etc. |
|
| 650 | 0 |
_aSuperheroes _vComic books, strips, etc. |
|
| 655 | 0 | _aGraphic novels. | |
| 655 | 7 |
_aComic books, strips, etc. _2gsafd. |
|
| 700 | 1 | _aDavis, Shane. | |
| 700 | 1 | _aHope, Sandra. | |
| 700 | 1 | _aCiardo, Barbara. | |
| 700 | 1 | _aLeigh, Rob. | |
| 001 | data | ||
| 999 |
_c823 _d823 |
||